Házastársi vagyonközösség megszűnése és a közös vagyon megosztása

Elmentve itt :
Bibliográfiai részletek
Szerző: Szabó László
További közreműködők: Tóthné Dr. Fábián Eszter (Témavezető)
Dokumentumtípus: Szakdolgozat
Megjelent: 2002
Tárgyszavak:
Online Access:http://diploma.bibl.u-szeged.hu/27092
LEADER 00600nta a2200157 i 4500
001 dipl27092
005 20130314084632.0
008 111005s2002 hu om 0|| zxx d
040 |a SZTE Diploma Repozitórium  |b hun 
041 |a zxx 
100 1 |a Szabó László 
245 1 0 |a Házastársi vagyonközösség megszűnése és a közös vagyon megosztása  |h [elektronikus dokumentum] /  |c László Szabó 
260 |c 2002 
650 4 |a Jogi és igazgatási tanulmányok 
700 2 |a Tóthné Dr. Fábián Eszter  |e ths 
856 4 0 |u http://diploma.bibl.u-szeged.hu/id/eprint/27092/1/2002_szabo_laszlo.pdf  |z Dokumentum-elérés